000 00929nam a2200277Ia 4500
003 OSt
005 20221005104640.0
006 a|||||r|||| 00| 0
007 ta
008 221004b |||||||| |||| 00| 0 hin d
020 _cIndian Rupees 50
024 _a39388
037 _bGift, 18/09/2018,
_cTextual
040 _aCRL
_cCRL
_bhin
041 _2hin
_ahin
082 _aO152,3x, N4
100 _aजैन, अरविंद, ले.
245 0 _aऔरत होने की सज़ा
246 _aAurat hone kī saज़ā
260 _aदिल्ली
_bविकास पेपर बैक्स भारत
_c1994
300 _a112पृ0
_ccm.
650 _a हिन्दी साहित्य
650 _aहिन्दी कहानी
942 _hO152,3x, N4
_cTEXL
_2cc
999 _c1013376
_d1013376